000 03766njm a2200553Ia 4500
001 25661
003 IT-RoPAU
005 20220918181120.0
008 131025s9999 xx 000 0 und d
040 _aIT-RoPAU
040 _cIT-RoPAU
041 _aITALIANO
999 _c99696
_d99696
999 _bn.d.
100 _aAA.VV.
_9794
100 _eAutore musica
_913202
100 _gCodice autore musica SPICS: 12000
_9796
245 _aUna gita a li castelli
250 _a1a ed.
260 _aMILANO
260 _bJOKER - W. GURTLER
_c1972 [1a Ed.:1972 - Ed. Lingua Orig.: 1972]
300 _aDISCO
500 _aCanzone italiana. Canzone popolare folk romanesca. Castelli romani. Stornelli
505 _aNannì-Una gita a li castelli - Come è bello fa l'amore quanno è sera - Serenata sincera - Passione romana - Madonna dell'angeli - Lupo de fiume - Vecchia Roma - Pupo biondo - Me pizzica me mozzica - Casa mia-Casetta de Trastevere - Quanno er sole de Roma... Lascia li sette colli - Nonna
650 _aFOLK [DISCHI]
_eCodice MATERIA SPICS: 9950
_91209
700 _aAmici Alvaro
_gCodice interprete SPICS: 7854
_eInterprete
_913203
700 _aSilvestri Franco
_gCodice autore testo/musica SPICS: 13543
_eAutore testo/musica
_pNannì-Una gita a li castelli
_913204
700 _aSimi Gino
_gCodice autore musica SPICS: 13456
_eAutore musica
_pCome è bello fa l'amore quanno è sera
_913205
700 _aNeri Ennio
_gCodice autore SPICS: 13457
_eAutore
_pCome è bello fa l'amore quanno è sera - Serenata sincera
_913206
700 _aMartelli Augusto
_gCodice autore testo/musica SPICS: 11006
_eAutore testo/musica
_pCome è bello fa l'amore quanno è sera - Serenata sincera
_913207
700 _aDerevitsky Alessandro
_gCodice autore musica SPICS: 13617
_eAutore musica
_pSerenata sincera
_913208
700 _aBalzani Romolo
_gCodice autore musica SPICS: 13637
_eAutore musica
_pPassione romana
_913209
700 _aLupi
_gCodice autore SPICS: 16134
_eAutore
_pPassione romana - Nonna
_913210
700 _aBalilla Pratella F.
_gCodice autore testo/musica SPICS: 16132
_eAutore testo/musica
_pPassione romana
_913211
700 _aMicheli Giuseppe
_gCodice autore musica SPICS: 13556
_eAutore musica
_pMadonna dell'angeli
_913212
700 _aRossi Carlo Alberto (Cicero)
_gCodice autore testo/musica SPICS: 13130
_eAutore testo/musica
_pMadonna dell'angeli
_913213
700 _aBalzani Romolo
_gCodice autore musica SPICS: 13637
_eAutore musica
_pLupo de fiume
_913214
700 _aCeccarelli
_gCodice autore testo/musica SPICS: 16133
_eAutore testo/musica
_pLupo de fiume
_913215
700 _aRuccione Mario
_gCodice autore testo/musica SPICS: 13479
_eAutore musica
_pVecchia Roma
_913216
700 _aFagiolo Maurizio
_gCodice autore musica SPICS: 6842
_eAutore musica
_pPupo biondo
_913217
700 _aLai Francis
_gCodice autore testo/musica SPICS: 10971
_eAutore testo/musica
_pPupo biondo
_913218
700 _aManfredi Nino
_gCodice autore musica SPICS: 11556
_eAutore musica
_pMe pizzica me mozzica
_913219
700 _aDe Angelis Maurizio
_gCodice autore SPICS: 10855
_eAutore
_pMe pizzica me mozzica - Nonna
_913220
700 _aDe Angelis Guido
_gCodice autore testo/musica SPICS: 10854
_eAutore testo/musica
_pMe pizzica me mozzica
_913221
700 _aSimeone M.
_gCodice autore musica SPICS: 15527
_eAutore musica
_pCasa mia-Casetta de Trastevere
_913222
700 _aDe Torres Ferrante Alvaro
_gCodice autore SPICS: 13636
_eAutore
_pCasa mia-Casetta de Trastevere
_913223
700 _aDel Pelo Alfredo
_gCodice autore testo/musica SPICS: 13542
_eAutore testo/musica
_pCasa mia-Casetta de Trastevere
_913224
700 _aAlfieri Amleto
_gCodice autore testo/musica SPICS: 13722
_eAutore testo/musica
_pQuanno er sole de Roma... Lascia li sette colli
_913225
942 _cMD
_2ddc